Statistiques concernant Musiques Rock #2

Cliquez ici pour prendre le quiz!

Statistiques générales

  • Ce quiz a été pris 236 fois
  • Le résultat moyen est 11 sur 20

Statistiques - réponses

ChansonRockeur% Correct
CreepRadiohead
87%
Radio ga gaQueen
85%
With or without youU2
83%
Message in a bottleThe Police
82%
ZombieThe Cranberries
81%
Where is my mind ?Pixies
78%
I was made for lovin' youKISS
76%
Wind of changeScorpion
74%
Sultans of swingDire Straits
72%
Enjoy the silenceDepeche mode
66%
Le vent nous porteraNoir Désir
58%
OneMetallica
48%
Blue suede shoesElvis Presley
44%
Wouldn't it be niceThe beach boys
30%
Just like heavenThe Cure
29%
Invisible touchGenesis
23%
Sunday MorningThe Velvet Underground
19%
Perfect strangersDeep purple
14%
No one knowsQueens of the stone age
11%
Black out daysPhantogram
5%

Distribution des résultats

Percentile par nombre de réponses

% des personnes avec chaque résultat

Votre développement - résultats

Vous n’avez pas pris ce quiz